1931 1136 1166 1731 1999 1421 1547 1889 1375 1340 1194 1926 1803 1309 1137 1647 1017 1531 1003 1981 1910 1547 1956 1614 1677 1875 1095 1598 1461 1216 1569 1667 1648 1771 1460 1654 1153 1826 1636 1440 1395 1184 1114 1389 1689 1174 1470 1845 1040 1769 1367 1871 1624 1630 1136 1572 1383 1022 1539 1073 1018 1486 1089 1606 1947 1630 1799 1834 1196 1681 1533 1865 1010 1415 1300 1777 1736 1807 1594 1954 1788 1854 1083 1007 1151 1613 1943 1602 1365 1502 1504 1984 1542 1064 1203 1676 1602 1577 1216 BCNSPRNW ULIB Ver.6.0+V

เปลี่ยนเป็นภาษาไทย

Change to English
 แสดงรายละเอียดบรรณานุกรม
  กลับหน้าหลัก

Brief Record : Get Marc (ISO 2709) : E-mail record : QR code < ปิดหน้าต่าง
LEADER : 00000nam 2200000uu 4500
001    13399127096
003     ULIB
008    191010s2559||||th 000 0 tha d
020    ^a9786162277528
060    ^aWS103^bต-ต
100    ^aตุ๊บป่อง
245    ^aตาอินกะตานา
250    ^aพิมพ์ครั้งที่ 1
260    ^aกรุงเทพฯ :^bบริษัท แปลน ฟอร์ คิดส์ จำกัด,^c2559
300    ^a24 หน้า;^b21 ซม.
650    ^aเด็ก^xการเรียนการสอน
945    ^p115^l0^i006284
999    ^aประนอม เกษจรัล
รายการนี้ยังไม่มีแท็ก
คุณยังไม่ได้ล็อกอิน คุณสามารถมีกิจกรรมร่วมกับเว็บไซต์ได้ แต่ต้องล็อกอินก่อน ::
  ล็อกอิน

รายการสื่อสารสนเทศ

ลำดับที่ ประเภท เลขเรียก/บาร์โค้ด สถานที่ สถานะ
1. วิทยาศาสตร์การแพทย์ และสุขภาพ
วิทยาศาสตร์การแพทย์ และสุขภาพ
WS103 ต-ต ฉ.1 
  Barcode: 006284
ห้องสมุดวิทยาเขตสวรรค์ประชารักษ์
►หนังสือทั่วไป
บนชั้น

รายการใกล้เคียง
    ผู้แต่ง [ตุ๊บป่อง]

BibComment


ยังไม่เคยถูกคอมเมนท์

คอมเมนท์ทรัพยากรรายการนี้
  คอมเมนท์: ตาอินกะตานา


 Copyright 2026. Bcnsprnw @Library